Previsiones del turismo mundial hasta el año 2000 y despues. (Registro nro. 36130)
[ vista simple ]
| 000 -CABECERA | |
|---|---|
| campo de control de longitud fija | 00660nam a2200193 a 4500 |
| 001 - NÚMERO DE CONTROL | |
| campo de control | 000036639 |
| 005 - FECHA Y HORA DE LA ÚLTIMA TRANSACCIÓN | |
| campo de control | 20200930075839.0 |
| 008 - DATOS DE LONGITUD FIJA--INFORMACIÓN GENERAL | |
| campo de control de longitud fija | 120123s1995 sp 000 0 spa d |
| 040 ## - FUENTE DE LA CATALOGACIÓN | |
| Centro catalogador/agencia de origen | DO-SdBNP |
| Lengua de catalogación | spa |
| Centro/agencia transcriptor | BNPHU |
| 082 ## - NÚMERO DE LA CLASIFICACIÓN DECIMAL DEWEY | |
| Número de clasificación | xxxx |
| Número de documento/Ítem | P944 |
| 245 00 - MENCIÓN DE TÍTULO | |
| Título | Previsiones del turismo mundial hasta el año 2000 y despues. |
| 246 00 - FORMA VARIANTE DE TÍTULO | |
| Título propio/Titulo breve | El turismo hasta el 2000 y después |
| 260 ## - PUBLICACIÓN, DISTRIBUCIÓN, ETC. | |
| Lugar de publicación, distribución, etc. | Madrid : |
| Nombre del editor, distribuidor, etc. | Organización Mundial del Turismo, |
| Fecha de publicación, distribución, etc. | 1995. |
| 300 ## - DESCRIPCIÓN FÍSICA | |
| Extensión | 85 p. ; |
| Dimensiones | 31 cm. |
| 490 1# - MENCIÓN DE SERIE | |
| Mención de serie | Estudios de previsión por regiones |
| 500 0# - NOTA GENERAL | |
| Nota general | Serie sobre previsiones del turismo mundial |
| 505 0# - NOTA DE CONTENIDO CON FORMATO | |
| Información miscelánea | v. 3 |
| Título | Las Américas |
| 830 #0 - PUNTO DE ACCESO ADICIONAL DE SERIE-TÍTULO UNIFORME | |
| Título uniforme | Estudios de previsión por regiones |
| 9 (RLIN) | 62931 |
| Estado de retiro | Estado de pérdida | Restricciones de uso | No para préstamo | Código de colección | Localización permanente | Ubicación/localización actual | Ubicación en estantería | Fecha de adquisición | Número de inventario | Total de préstamos | Signatura topográfica completa | Código de barras | Fecha visto por última vez | Precio válido a partir de | Tipo de ítem Koha |
|---|---|---|---|---|---|---|---|---|---|---|---|---|---|---|---|
| Monografías: Libros y Folletos | General | General | Orden iniciada | 23.01.2012 | LF1 | xxxx P944 | 36640-10 | 25.06.2020 | 25.06.2020 | No se presta | |||||
| Excluido de préstamo | Monografías: Libros y Folletos | Patrimonio Dominicano | Patrimonio Dominicano | En catalogación | 23.01.2012 | LF1 | xxxx P944 | 36639-10 | 25.06.2020 | 25.06.2020 | No se presta |
